<?xml version="1.0" encoding="UTF-8"?>
<marc:record xmlns:marc="http://www.loc.gov/MARC21/slim">
   <marc:leader>00000nam a2200000 a 4500</marc:leader>
   <marc:datafield ind1="1" ind2=" " tag="100">
      <marc:subfield code="a">Jaskulla, Gabriela</marc:subfield>
      <marc:subfield code="4">aut</marc:subfield>
      <marc:subfield code="e">Verfasser/-in</marc:subfield>
   </marc:datafield>
   <marc:datafield ind1="0" ind2="0" tag="245">
      <marc:subfield code="a">Die Herbstköchin</marc:subfield>
   </marc:datafield>
   <marc:datafield ind1=" " ind2="1" tag="264">
      <marc:subfield code="b">Insel Verlag</marc:subfield>
      <marc:subfield code="c">2018</marc:subfield>
   </marc:datafield>
   <marc:datafield ind1="1" ind2=" " tag="520">
      <marc:subfield code="a">Eine junge Köchin zwischen Sterne-Küchen und leidenschaftlichen Lieben
Gianna will hoch hinaus. Auf der Suche nach dem besten Geschmack, dem perfekten Menü reist die junge Köchin um die halbe Welt. Doch da ist auch noch die Liebe zu zwei Männern, zu zwei Brüdern, die unterschiedlicher nicht sein könnten. Und eines Tages muss Gianna sich entscheiden ...</marc:subfield>
   </marc:datafield>
   <marc:datafield ind1=" " ind2=" " tag="020">
      <marc:subfield code="a">9783458363637</marc:subfield>
      <marc:subfield code="9">9783458363637</marc:subfield>
   </marc:datafield>
</marc:record>
